00325nam a22001097a 4500008004100000082001200041100002600053245005600079260004500135300001800180650001700198200227b ||||| |||| 00| 0 eng d a808 LIT aRoyal Thimphu College aLIT318 House of Mirrors:bPostmodernist Literature. aThimphu ;bRoyal Thimphu College,c2020. a20 p.c30 cm. aCourse Pack.